[Event "Thüringenliga 2025/26"]
[Site "?"]
[Date "2025.09.14"]
[Round "1.8"]
[White "Schenk, Stefan"]
[Black "Jordan, Gunter"]
[Result "1/2-1/2"]
[WhiteElo "1930"]
[BlackElo "1800"]
[WhiteFideId "-1"]
[BlackFideId "-1"]
[PlyCount "81"]
[GameId "2224600198290161"]
[EventDate "2025.09.14"]
[EventType "team-tourn"]
[EventRounds "9"]
[SourceTitle "Thueringer Schachbund"]
[Source "ThSB"]
[SourceDate "2025.09.14"]
[SourceVersion "1"]
[SourceVersionDate "2025.09.14"]
[SourceQuality "1"]
[WhiteTeam "Ilmenauer SV"]
[BlackTeam "SV Schott Jena"]

{[%evp 0,81,17,12,12,19,11,13,39,58,43,57,90,42,55,14,18,-21,2,-22,25,-22,-22,-16,-14,-39,-34,-32,-41,-114,-56,-59,-27,-25,-20,-42,-15,-24,-26,-30,-20,-34,-23,-36,-41,-37,-31,-36,-17,-26,-15,-18,-37,-35,-43,-60,-59,-94,-34,-43,-42,-41,-22,-41,-20,-24,-15,-27,-19,-23,-14,-7,-6,-46,-39,-37,-37,-23,-21,-11,0,-27,-12,-13]} 1. e4 e5 2. Nf3 Nc6 3. Bb5 f5 4. d3 fxe4 5. dxe4 Bc5 6. O-O d6 7. h3 Nf6 8. Bg5 Be6 9. Nc3 O-O 10. Na4 Bb6 11. Nxb6 axb6 12. Bh4 Kh8 13. Qe2 Qe8 14. Bc4 Bxc4 15. Qxc4 Qf7 16. Qxf7 Rxf7 17. Rfe1 Ra4 18. Bxf6 Rxf6 19. c3 Nd8 20. Nd2 Ne6 21. g3 Nc5 22. Re3 Kg8 23. a3 Ra8 24. Kg2 Raf8 25. f3 g5 26. Rh1 Kg7 27. Rf1 h5 28. Rh1 Kg6 29. h4 g4 30. Rf1 gxf3+ 31. Rfxf3 Rxf3 32. Nxf3 Ne6 33. Re2 Ra8 34. Nd2 Ra4 35. Kf3 Nc5 36. Re3 Ra8 37. Kg2 Ra4 38. Kh3 Ra8 39. Rf3 Ra4 40. Re3 Ra8 41. Rf3 1/2-1/2

[Event "Thüringenliga 2025/26"]
[Site "?"]
[Date "2025.09.14"]
[Round "1.1"]
[White "Darr, Sascha"]
[Black "Machelett, Heiko"]
[Result "1/2-1/2"]
[WhiteElo "2084"]
[BlackElo "2290"]
[WhiteFideId "-1"]
[BlackFideId "-1"]
[PlyCount "83"]
[GameId "2224600370793216"]
[EventDate "2025.09.14"]
[EventType "team-tourn"]
[EventRounds "9"]
[SourceTitle "Thueringer Schachbund"]
[Source "ThSB"]
[SourceDate "2025.09.14"]
[SourceVersion "1"]
[SourceVersionDate "2025.09.14"]
[SourceQuality "1"]
[WhiteTeam "fuß brothers Jena"]
[BlackTeam "TSG Apolda"]

{[%evp 0,83,17,24,46,46,66,34,30,27,74,25,37,45,37,8,36,7,8,-30,-8,-7,4,-55,-40,-49,-49,-61,-51,-73,-62,-57,-56,-50,-44,-43,-39,-26,-17,-28,-21,-53,-1,-2,20,31,15,36,39,27,43,12,12,-13,-6,-78,-92,-133,-12,-59,-132,-405,-4,-116,-30,-111,-38,-38,-30,-56,-48,-123,-57,-46,-28,-23,-2,0,0,0,0,0,8,0,0,0]} 1. e4 c5 2. Nf3 e6 3. d4 cxd4 4. Nxd4 a6 5. Be3 Nf6 6. Nc3 Bb4 7. f3 Qc7 8. Qd3 d5 9. Bd2 e5 10. Nb3 d4 11. Ne2 Bxd2+ 12. Qxd2 O-O 13. g4 Nc6 14. Ng3 a5 15. a3 Be6 16. Nc5 Nd7 17. Nxd7 Qxd7 18. h4 a4 19. Bb5 Qd8 20. Nf5 f6 21. O-O-O Na5 22. Qb4 Rf7 23. Bxa4 Nc6 24. Bxc6 bxc6 25. Qc5 Qc7 26. h5 Rd7 27. Rhg1 Ra5 28. Qb4 Rb5 29. Qd2 Qb6 30. b3 d3 31. b4 c5 32. Qe3 cxb4 33. Qxb6 Rxb6 34. axb4 Ra6 35. Kb1 dxc2+ 36. Kxc2 Ra2+ 37. Kb1 Ra4 38. Rxd7 Rxb4+ 39. Kc2 Bxd7 40. Ra1 Bxf5 41. Ra8+ Kf7 42. Ra7+ 1/2-1/2

[Event "Thüringenliga 2025/26"]
[Site "?"]
[Date "2025.09.14"]
[Round "1.2"]
[White "Goemann, Jens"]
[Black "Zipfel, Frank"]
[Result "0-1"]
[WhiteElo "2026"]
[BlackElo "1979"]
[WhiteFideId "-1"]
[BlackFideId "-1"]
[PlyCount "54"]
[GameId "2224600370989825"]
[EventDate "2025.09.14"]
[EventType "team-tourn"]
[EventRounds "9"]
[SourceTitle "Thueringer Schachbund"]
[Source "ThSB"]
[SourceDate "2025.09.14"]
[SourceVersion "1"]
[SourceVersionDate "2025.09.14"]
[SourceQuality "1"]
[WhiteTeam "TSG Apolda"]
[BlackTeam "fuß brothers Jena"]

{[%evp 0,54,24,-14,44,44,45,35,36,14,22,25,25,16,55,40,40,-10,-10,-28,-9,16,39,-6,-6,14,46,33,31,46,51,46,39,8,0,-37,-48,-35,-22,-55,-56,-72,-34,-73,-69,-197,-211,-233,-223,-268,-248,-250,-220,-238,-239,-257,-255]} 1. c4 f5 2. Nf3 Nf6 3. g3 d6 4. Bg2 e5 5. O-O Be7 6. Nc3 c6 7. b4 e4 8. Ng5 h6 9. Nh3 Be6 10. d3 d5 11. cxd5 cxd5 12. dxe4 dxe4 13. Qxd8+ Bxd8 14. Nf4 Bf7 15. Rd1 Nc6 16. Nfd5 a5 17. b5 Nxd5 18. Nxd5 Nb4 19. Nxb4 axb4 20. Bd2 Be7 21. g4 g6 22. a4 bxa3 23. Bc3 Rg8 24. Kf1 Rc8 25. Bd4 Rc4 26. e3 Rc2 27. b6 a2 0-1

[Event "Thüringenliga 2025/26"]
[Site "?"]
[Date "2025.09.14"]
[Round "1.3"]
[White "Wicklein, Stefan"]
[Black "Kroh, Christian"]
[Result "1/2-1/2"]
[WhiteElo "1952"]
[BlackElo "1882"]
[WhiteFideId "-1"]
[BlackFideId "-1"]
[PlyCount "118"]
[GameId "2224600371202818"]
[EventDate "2025.09.14"]
[EventType "team-tourn"]
[EventRounds "9"]
[SourceTitle "Thueringer Schachbund"]
[Source "ThSB"]
[SourceDate "2025.09.14"]
[SourceVersion "1"]
[SourceVersionDate "2025.09.14"]
[SourceQuality "1"]
[WhiteTeam "fuß brothers Jena"]
[BlackTeam "TSG Apolda"]

{[%evp 0,113,24,17,17,10,26,34,31,47,49,32,39,31,46,67,55,58,79,71,76,50,55,58,60,73,80,34,14,31,15,23,23,14,15,17,27,-1,0,0,5,11,8,16,15,15,18,5,5,5,6,6,6,1,22,4,12,15,16,6,22,8,19,10,2,0,0,0,0,0,0,0,1,0,8,14,8,10,28,0,18,13,26,27,28,45,46,42,41,66,71,74,89,84,47,74,39,41,37,45,47,55,110,119,134,133,135,139,135,63,48,46,46,46,153,46]} 1. d4 d5 2. c4 c6 3. e3 Nf6 4. Nc3 Bf5 5. cxd5 cxd5 6. Qb3 Bc8 7. Nf3 a6 8. Bd3 e6 9. O-O Be7 10. Ne5 O-O 11. Bd2 b5 12. Ne2 Bb7 13. Bb4 Nbd7 14. Nxd7 Qxd7 15. Rfc1 Rfc8 16. Bxe7 Qxe7 17. a3 Qd6 18. Rc3 Rxc3 19. Qxc3 Rc8 20. Qd2 g6 21. Rc1 Rc7 22. Rxc7 Qxc7 23. Qc3 Qxc3 24. Nxc3 Kf8 25. f3 Ke7 26. Kf2 Nd7 27. Ke2 Nb6 28. b3 Kd6 29. Kd2 f6 30. f4 Nd7 31. Ne2 e5 32. dxe5+ fxe5 33. fxe5+ Nxe5 34. Nd4 Bc8 35. h3 Bd7 36. Be2 Kc5 37. Kc3 h6 38. Nf3 Nf7 39. h4 Bg4 40. Bd3 g5 41. hxg5 Nxg5 42. Nxg5 hxg5 43. b4+ Kd6 44. Kd4 Be6 45. Bc2 Bd7 46. Bb3 Bc6 47. Bd1 Bd7 48. g3 Bf5 49. a4 bxa4 50. Bxa4 Be4 51. Bd1 Bf5 52. Bb3 Be4 53. Bd1 Bf5 54. Be2 Bc8 55. Bd3 Bb7 56. Bf5 Bc6 57. Bh3 Bb5 58. Bg2 Bc6 59. Bf3 Bb7 1/2-1/2

[Event "Thüringenliga 2025/26"]
[Site "?"]
[Date "2025.09.14"]
[Round "1.4"]
[White "Maiwald, Harald"]
[Black "Kloß, Thomas"]
[Result "1/2-1/2"]
[WhiteElo "1974"]
[BlackElo "1924"]
[WhiteFideId "-1"]
[BlackFideId "-1"]
[PlyCount "40"]
[GameId "2224600371206915"]
[EventDate "2025.09.14"]
[EventType "team-tourn"]
[EventRounds "9"]
[SourceTitle "Thueringer Schachbund"]
[Source "ThSB"]
[SourceDate "2025.09.14"]
[SourceVersion "1"]
[SourceVersionDate "2025.09.14"]
[SourceQuality "1"]
[WhiteTeam "TSG Apolda"]
[BlackTeam "fuß brothers Jena"]

{[%evp 0,40,24,17,27,-14,21,26,18,23,14,15,14,8,10,15,14,17,16,6,18,16,7,14,4,-7,13,1,1,0,35,39,43,43,51,34,25,27,37,27,30,30,34]} 1. Nf3 Nf6 2. g3 g6 3. Bg2 Bg7 4. O-O O-O 5. d4 d5 6. c4 c6 7. cxd5 cxd5 8. Nc3 Nc6 9. Ne5 e6 10. Nxc6 bxc6 11. Na4 Nd7 12. Bf4 Ba6 13. Qd2 Bb5 14. Nc3 Qb6 15. Rfd1 Rfd8 16. Rac1 Rac8 17. h4 c5 18. Bg5 Re8 19. Nxb5 Qxb5 20. dxc5 Nxc5 1/2-1/2

[Event "Thüringenliga 2025/26"]
[Site "?"]
[Date "2025.09.14"]
[Round "1.5"]
[White "Richter, Sebastian"]
[Black "Schmidt, Matthias"]
[Result "1/2-1/2"]
[WhiteElo "1845"]
[BlackElo "1942"]
[WhiteFideId "-1"]
[BlackFideId "-1"]
[PlyCount "69"]
[GameId "2224600371231492"]
[EventDate "2025.09.14"]
[EventType "team-tourn"]
[EventRounds "9"]
[SourceTitle "Thueringer Schachbund"]
[Source "ThSB"]
[SourceDate "2025.09.14"]
[SourceVersion "1"]
[SourceVersionDate "2025.09.14"]
[SourceQuality "1"]
[WhiteTeam "fuß brothers Jena"]
[BlackTeam "TSG Apolda"]

{[%evp 0,69,24,24,46,38,43,34,41,59,39,43,-21,20,33,33,50,37,25,-11,4,4,0,2,-6,0,-20,-45,-15,-19,-16,-16,-4,17,10,19,28,-4,4,9,51,2,10,3,29,34,39,39,71,0,2,3,-17,-3,64,56,31,58,29983,174,653,-191,98,212,704,-191,219,178,728,-217,194,194]} 1. e4 e6 2. d4 d5 3. Nc3 Nf6 4. e5 Nfd7 5. f4 c5 6. Nf3 Nc6 7. Be3 a6 8. a3 b5 9. dxc5 Bxc5 10. Bxc5 Nxc5 11. b4 Nd7 12. Bd3 Qb6 13. Ne2 Bb7 14. Qd2 g6 15. c3 Rc8 16. Ned4 Nxd4 17. Nxd4 Qc7 18. Rc1 Nb6 19. O-O Nc4 20. Qf2 O-O 21. Qh4 Qd8 22. Qh6 Qe7 23. Rf3 Rc7 24. h4 Rfc8 25. h5 Nd2 26. Rg3 Rxc3 27. Rxc3 Rxc3 28. hxg6 hxg6 29. f5 Ne4 30. Rf3 Ng5 31. Rg3 Ne4 32. Rf3 Ng5 33. Rg3 Ne4 34. Rf3 Ng5 35. Rg3 1/2-1/2

[Event "Thüringenliga 2025/26"]
[Site "?"]
[Date "2025.09.14"]
[Round "1.6"]
[White "Walther, Cliff"]
[Black "Latka, Robert"]
[Result "1-0"]
[WhiteElo "1973"]
[BlackElo "1848"]
[WhiteFideId "-1"]
[BlackFideId "-1"]
[PlyCount "79"]
[GameId "2224600371235589"]
[EventDate "2025.09.14"]
[EventType "team-tourn"]
[EventRounds "9"]
[SourceTitle "Thueringer Schachbund"]
[Source "ThSB"]
[SourceDate "2025.09.14"]
[SourceVersion "1"]
[SourceVersionDate "2025.09.14"]
[SourceQuality "1"]
[WhiteTeam "TSG Apolda"]
[BlackTeam "fuß brothers Jena"]

{[%evp 0,79,24,20,20,9,38,38,61,27,3,9,25,32,27,27,54,38,39,33,44,53,42,36,31,18,35,36,55,47,98,70,87,50,82,77,168,165,165,173,168,161,159,167,148,148,151,104,112,100,230,85,96,117,131,82,191,204,207,199,219,219,230,208,252,241,265,275,411,403,426,426,545,558,587,598,617,624,614,578,605,627]} 1. d4 Nf6 2. c4 g6 3. Nc3 d5 4. Bg5 Ne4 5. cxd5 Nxc3 6. bxc3 Qxd5 7. Nf3 Bg7 8. e3 Bg4 9. Be2 Nd7 10. Bf4 Qa5 11. O-O O-O 12. h3 Bf5 13. Qb3 b6 14. Bb5 Nf6 15. Bc6 Rad8 16. Rac1 Nh5 17. Bh2 Bd7 18. Bxd7 Rxd7 19. g4 Nf6 20. Ne5 Rd6 21. Nc4 Qg5 22. Nxd6 cxd6 23. Qc2 h5 24. f4 Qh4 25. gxh5 Qxh3 26. hxg6 Ng4 27. Qe2 fxg6 28. Rf3 Qh5 29. Rg3 Nxh2 30. Qxh5 gxh5 31. Kxh2 Kf7 32. Rcg1 Bf6 33. e4 Rh8 34. e5 dxe5 35. fxe5 Bh4 36. Rf3+ Ke6 37. Kh3 Bf6 38. exf6 exf6 39. Re1+ Kd5 40. Rxf6 1-0

[Event "Thüringenliga 2025/26"]
[Site "?"]
[Date "2025.09.14"]
[Round "1.7"]
[White "Richter, Jan"]
[Black "Krug, Klaus-Peter"]
[Result "1-0"]
[WhiteElo "1887"]
[BlackElo "1814"]
[WhiteFideId "-1"]
[BlackFideId "-1"]
[PlyCount "49"]
[GameId "2224600371301126"]
[EventDate "2025.09.14"]
[EventType "team-tourn"]
[EventRounds "9"]
[SourceTitle "Thueringer Schachbund"]
[Source "ThSB"]
[SourceDate "2025.09.14"]
[SourceVersion "1"]
[SourceVersionDate "2025.09.14"]
[SourceQuality "1"]
[WhiteTeam "fuß brothers Jena"]
[BlackTeam "TSG Apolda"]

{[%evp 0,49,24,17,82,61,82,65,58,53,44,48,40,46,24,26,42,31,49,39,47,29,66,72,66,0,26,20,67,63,63,67,253,288,307,286,323,273,344,350,428,521,633,655,678,683,725,752,747,705,721,732]} 1. Nf3 d6 2. d4 Nd7 3. g3 g6 4. Bg2 Bg7 5. O-O Ngf6 6. c4 c6 7. Nc3 O-O 8. e4 Qc7 9. h3 a6 10. Be3 Rb8 11. c5 b5 12. e5 dxe5 13. dxe5 Ne8 14. e6 fxe6 15. Qb3 Ndf6 16. Bf4 Qb7 17. Bxb8 Qxb8 18. Nd4 Nd5 19. Nxc6 Qc7 20. Bxd5 Bxc3 21. Bxe6+ Bxe6 22. Qxe6+ Kg7 23. bxc3 Rf6 24. Qxe7+ Qxe7 25. Nxe7 1-0

[Event "Thüringenliga 2025/26"]
[Site "?"]
[Date "2025.09.14"]
[Round "1.1"]
[White "Aniol, Adrian"]
[Black "Brüggemann, Joachim"]
[Result "0-1"]
[WhiteElo "1961"]
[BlackElo "2159"]
[WhiteFideId "-1"]
[BlackFideId "-1"]
[PlyCount "72"]
[GameId "2224600504736524"]
[EventDate "2025.09.14"]
[EventType "team-tourn"]
[EventRounds "9"]
[SourceTitle "Thueringer Schachbund"]
[Source "ThSB"]
[SourceDate "2025.09.14"]
[SourceVersion "1"]
[SourceVersionDate "2025.09.14"]
[SourceQuality "1"]
[WhiteTeam "VfL 1990 Gera"]
[BlackTeam "Erfurter SK 2"]

1. e4 c5 2. Nf3 d6 3. c3 Nf6 4. e5 dxe5 5. Nxe5 e6 6. d4 Nbd7 7. Bb5 Be7 8. O-O O-O 9. Bg5 Nxe5 10. dxe5 Nd5 11. Bxe7 Qxe7 12. c4 Nb6 13. Qc2 Rd8 14. Nc3 Qc7 15. Qe2 a6 16. Ba4 Nxa4 17. Nxa4 b6 18. Rad1 Bb7 19. f4 h6 20. b3 Qc6 21. Qf3 Qc7 22. Qe2 Rab8 23. Nc3 Qc6 24. a4 Rd4 25. Rxd4 cxd4 26. Nd1 b5 27. axb5 axb5 28. Rf2 bxc4 29. Qxc4 Qb6 30. Rd2 d3+ 31. Nf2 Ba6 32. Qa4 Rc8 33. Qa1 Qe3 34. Qd1 Rc2 35. Rxd3 Qxf2+ 36. Kh1 Qxg2# 0-1

[Event "Thüringenliga 2025/26"]
[Site "?"]
[Date "2025.09.14"]
[Round "1.2"]
[White "Seinsoth, Paul"]
[Black "Aniol, Nico"]
[Result "1-0"]
[WhiteElo "2031"]
[BlackElo "1990"]
[WhiteFideId "-1"]
[BlackFideId "-1"]
[PlyCount "87"]
[GameId "2224600504748813"]
[EventDate "2025.09.14"]
[EventType "team-tourn"]
[EventRounds "9"]
[SourceTitle "Thueringer Schachbund"]
[Source "ThSB"]
[SourceDate "2025.09.14"]
[SourceVersion "1"]
[SourceVersionDate "2025.09.14"]
[SourceQuality "1"]
[WhiteTeam "Erfurter SK 2"]
[BlackTeam "VfL 1990 Gera"]

1. e4 c5 2. Nf3 Nc6 3. d4 cxd4 4. Nxd4 e5 5. Nb5 a6 6. Nd6+ Bxd6 7. Qxd6 Qe7 8. Qd1 Nf6 9. Nc3 d6 10. Be2 O-O 11. O-O h6 12. Be3 Be6 13. Nd5 Bxd5 14. exd5 Nb8 15. c4 Nbd7 16. b4 Rfc8 17. Rc1 a5 18. a3 b6 19. Qd3 axb4 20. axb4 Ra4 21. Ra1 Rxb4 22. Qa3 Rbxc4 23. Bxc4 Rxc4 24. Rfc1 Rxc1+ 25. Rxc1 Nc5 26. Qa8+ Kh7 27. Rb1 Ng4 28. Bxc5 bxc5 29. h3 Nf6 30. Rb7 Qe8 31. Qa7 Kg6 32. Re7 Qf8 33. Qb7 Nxd5 34. Rd7 Nf6 35. Rc7 Qe8 36. Re7 Qf8 37. g4 h5 38. Qf3 hxg4 39. hxg4 Kh7 40. Qf5+ Kg8 41. Rc7 Ne8 42. Ra7 Nf6 43. g5 Qb8 44. Re7 1-0

[Event "Thüringenliga 2025/26"]
[Site "?"]
[Date "2025.09.14"]
[Round "1.3"]
[White "Seidens, Gunter"]
[Black "Krüger, Rainer"]
[Result "0-1"]
[WhiteElo "1928"]
[BlackElo "2027"]
[WhiteFideId "-1"]
[BlackFideId "-1"]
[PlyCount "76"]
[GameId "2224600504752910"]
[EventDate "2025.09.14"]
[EventType "team-tourn"]
[EventRounds "9"]
[SourceTitle "Thueringer Schachbund"]
[Source "ThSB"]
[SourceDate "2025.09.14"]
[SourceVersion "1"]
[SourceVersionDate "2025.09.14"]
[SourceQuality "1"]
[WhiteTeam "VfL 1990 Gera"]
[BlackTeam "Erfurter SK 2"]

1. d4 Nf6 2. c4 g6 3. Nc3 d5 4. Bg5 Ne4 5. Be3 Nxc3 6. bxc3 Bg7 7. cxd5 Qxd5 8. Nf3 O-O 9. g3 c5 10. Bg2 cxd4 11. O-O Qa5 12. cxd4 Nc6 13. Bd2 Qh5 14. Bc3 Rd8 15. Qb3 Rb8 16. Rad1 Be6 17. Qc2 Rbc8 18. Qb1 b6 19. Rfe1 Bg4 20. Rd3 e5 21. dxe5 Nxe5 22. Nxe5 Bxe5 23. Bxe5 Qxe5 24. Re3 Qa5 25. Re7 Re8 26. Rxe8+ Rxe8 27. e3 Rd8 28. h3 Be6 29. Re2 Bc4 30. Rb2 Qh5 31. g4 Qe5 32. Qc1 Kg7 33. Rc2 b5 34. Rd2 Rxd2 35. Qxd2 Qa1+ 36. Kh2 Bxa2 37. Qa5 Qb2 38. Kg3 Qe5+ 0-1

[Event "Thüringenliga 2025/26"]
[Site "?"]
[Date "2025.09.14"]
[Round "1.4"]
[White "Apel, Linus"]
[Black "Huster, Mike"]
[Result "1-0"]
[WhiteElo "1904"]
[BlackElo "1906"]
[WhiteFideId "-1"]
[BlackFideId "-1"]
[PlyCount "63"]
[GameId "2224600504757007"]
[EventDate "2025.09.14"]
[EventType "team-tourn"]
[EventRounds "9"]
[SourceTitle "Thueringer Schachbund"]
[Source "ThSB"]
[SourceDate "2025.09.14"]
[SourceVersion "1"]
[SourceVersionDate "2025.09.14"]
[SourceQuality "1"]
[WhiteTeam "Erfurter SK 2"]
[BlackTeam "VfL 1990 Gera"]

1. e4 Nf6 2. e5 Nd5 3. d4 d6 4. c4 Nb6 5. f4 dxe5 6. fxe5 Nc6 7. Be3 Bf5 8. Nc3 e6 9. Nf3 Bg4 10. Qd2 Bb4 11. a3 Bxc3 12. Qxc3 O-O 13. Bg5 f6 14. exf6 gxf6 15. Bh6 Rf7 16. O-O-O Qd7 17. Be2 Rd8 18. Be3 Bf5 19. Rhg1 Ne7 20. g4 Be4 21. g5 Ned5 22. gxf6+ Kh8 23. cxd5 Nxd5 24. Qb3 Qc6+ 25. Kd2 Bc2 26. Ne5 Rdf8 27. Nxf7+ Rxf7 28. Qxc2 Qxc2+ 29. Kxc2 Nxe3+ 30. Kd3 Nxd1 31. Bxd1 Rxf6 32. Rg2 1-0

[Event "Thüringenliga 2025/26"]
[Site "?"]
[Date "2025.09.14"]
[Round "1.5"]
[White "Schönfeld, Volker"]
[Black "Eger, Axel"]
[Result "1/2-1/2"]
[WhiteElo "1856"]
[BlackElo "1846"]
[WhiteFideId "-1"]
[BlackFideId "-1"]
[PlyCount "88"]
[GameId "2224600504761104"]
[EventDate "2025.09.14"]
[EventType "team-tourn"]
[EventRounds "9"]
[SourceTitle "Thueringer Schachbund"]
[Source "ThSB"]
[SourceDate "2025.09.14"]
[SourceVersion "1"]
[SourceVersionDate "2025.09.14"]
[SourceQuality "1"]
[WhiteTeam "VfL 1990 Gera"]
[BlackTeam "Erfurter SK 2"]

1. e4 c5 2. c3 Nf6 3. e5 Nd5 4. d4 cxd4 5. Qxd4 e6 6. Bc4 Nc6 7. Qe4 Nde7 8. Nf3 Ng6 9. O-O Qc7 10. Re1 Ncxe5 11. Nxe5 Nxe5 12. Qxe5 Qxc4 13. Na3 Qc6 14. Bf4 d6 15. Qe4 e5 16. Bg3 Be7 17. Qd3 Be6 18. Kh1 O-O 19. f4 f6 20. c4 Rac8 21. Rac1 Rfd8 22. h4 d5 23. fxe5 dxc4 24. Qc3 Rd3 25. Qxd3 cxd3 26. Rxc6 Rxc6 27. Rd1 Bf5 28. Nb5 Rb6 29. a4 Be4 30. Bf2 Re6 31. Nc3 Bf5 32. g4 Bxg4 33. Rxd3 fxe5 34. Rd7 e4 35. Nd5 Bf3+ 36. Kg1 Bf6 37. Nxf6+ gxf6 38. Rxb7 e3 39. Rb8+ Kg7 40. Be1 a6 41. Rb4 f5 42. Rf4 Rg6+ 43. Kf1 Be4 44. Ke2 Rg1 1/2-1/2

[Event "Thüringenliga 2025/26"]
[Site "?"]
[Date "2025.09.14"]
[Round "1.6"]
[White "Heitmann, Erik"]
[Black "Drechsel, Uwe"]
[Result "0-1"]
[WhiteElo "1718"]
[BlackElo "1866"]
[WhiteFideId "-1"]
[BlackFideId "-1"]
[PlyCount "136"]
[GameId "2224600504765201"]
[EventDate "2025.09.14"]
[EventType "team-tourn"]
[EventRounds "9"]
[SourceTitle "Thueringer Schachbund"]
[Source "ThSB"]
[SourceDate "2025.09.14"]
[SourceVersion "1"]
[SourceVersionDate "2025.09.14"]
[SourceQuality "1"]
[WhiteTeam "Erfurter SK 2"]
[BlackTeam "VfL 1990 Gera"]

1. d4 e6 2. c4 d5 3. Nc3 Nf6 4. Bg5 Be7 5. e3 h6 6. Bh4 O-O 7. Nf3 Nbd7 8. cxd5 exd5 9. Bd3 c6 10. O-O Ne4 11. Bxe7 Qxe7 12. Nd2 f5 13. Re1 Ndf6 14. f3 Nd6 15. Qc2 Kh8 16. e4 fxe4 17. fxe4 dxe4 18. Ndxe4 Ndxe4 19. Nxe4 Nd5 20. Nc3 Qd6 21. Nxd5 Qxd5 22. Qc5 Be6 23. Qxd5 Bxd5 24. Re7 Rf7 25. Rae1 Bxa2 26. Rxf7 Bxf7 27. Re7 Kg8 28. Rxb7 Kf8 29. Kf2 a5 30. Ke3 Re8+ 31. Kf4 g5+ 32. Kf5 Re3 33. Be4 Be8 34. Rh7 Rxe4 35. Rxh6 Rxd4 36. Kxg5 Rd2 37. g4 Rxb2 38. Kf6 Rf2+ 39. Ke5 Kg7 40. Rh3 Rd2 41. Ra3 Rd5+ 42. Ke4 Rb5 43. Kd3 Bf7 44. Kc3 Kg6 45. Kc2 a4 46. h3 Bb3+ 47. Kc3 Kg5 48. Ra1 Kh4 49. Rg1 Bd5 50. g5 Rb3+ 51. Kd2 Kxh3 52. g6 a3 53. g7 Rg3 54. Re1 Rxg7 55. Kc2 Kg2 56. Re3 Ra7 57. Kb1 a2+ 58. Ka1 Rf7 59. Re2+ Rf2 60. Rd2 Kg1 61. Rd1+ Rf1 62. Rxf1+ Kxf1 63. Kb2 Ke2 64. Ka1 Kd2 65. Kb2 c5 66. Ka1 c4 67. Kb2 c3+ 68. Ka1 c2 0-1

[Event "Thüringenliga 2025/26"]
[Site "?"]
[Date "2025.09.14"]
[Round "1.7"]
[White "Pekrul, Jürgen"]
[Black "Held, Martin"]
[Result "1/2-1/2"]
[WhiteElo "1818"]
[BlackElo "1858"]
[WhiteFideId "-1"]
[BlackFideId "-1"]
[PlyCount "87"]
[GameId "2224600504769298"]
[EventDate "2025.09.14"]
[EventType "team-tourn"]
[EventRounds "9"]
[SourceTitle "Thueringer Schachbund"]
[Source "ThSB"]
[SourceDate "2025.09.14"]
[SourceVersion "1"]
[SourceVersionDate "2025.09.14"]
[SourceQuality "1"]
[WhiteTeam "VfL 1990 Gera"]
[BlackTeam "Erfurter SK 2"]

1. d4 d5 2. c4 c6 3. Nc3 dxc4 4. a4 e5 5. dxe5 Qxd1+ 6. Nxd1 Nd7 7. Bf4 Nc5 8. Nc3 Bf5 9. Nf3 Nb3 10. Ra2 Bb4 11. e4 Bxe4 12. Bxc4 Bxf3 13. Bxb3 Bxg2 14. Rg1 Bd5 15. Bxd5 cxd5 16. Bd2 Bxc3 17. Bxc3 g6 18. a5 O-O-O 19. Ra4 Nh6 20. Bd4 Kb8 21. Ke2 Rhe8 22. Kd3 Rc8 23. Bc3 Nf5 24. Re1 Re6 25. Rb4 Rec6 26. Re2 Ng7 27. Rf4 R8c7 28. Rh4 Ne6 29. Re3 h5 30. Kd2 Kc8 31. Rd3 Rd7 32. Bb4 Rd8 33. Rf3 Ng5 34. Rd3 Ne4+ 35. Ke3 Rd7 36. f3 Ng5 37. Rhd4 Rc4 38. Rxc4+ dxc4 39. Rc3 Rc7 40. Bd6 Rc6 41. Kd4 Ne6+ 42. Kd5 Nf4+ 43. Ke4 Ne6 44. Kd5 1/2-1/2

[Event "Thüringenliga 2025/26"]
[Site "?"]
[Date "2025.09.14"]
[Round "1.8"]
[White "Tran, Anh Duc Kevin"]
[Black "Loos, Tilda"]
[Result "1/2-1/2"]
[WhiteElo "1752"]
[BlackElo "1821"]
[WhiteFideId "-1"]
[BlackFideId "-1"]
[PlyCount "75"]
[GameId "2224600504773395"]
[EventDate "2025.09.14"]
[EventType "team-tourn"]
[EventRounds "9"]
[SourceTitle "Thueringer Schachbund"]
[Source "ThSB"]
[SourceDate "2025.09.14"]
[SourceVersion "1"]
[SourceVersionDate "2025.09.14"]
[SourceQuality "1"]
[WhiteTeam "Erfurter SK 2"]
[BlackTeam "VfL 1990 Gera"]

{[%evp 0,40,19,35,46,39,44,0,20,22,14,-4,-14,-14,-15,-28,35,70,67,9,33,33,33,27,42,7,23,-1,9,-34,51,59,65,30,40,41,82,71,-1,-98,-133,-110,-67]} 1. e4 c5 2. Nc3 Nc6 3. g3 e6 4. Bg2 Nf6 5. Nf3 d5 6. exd5 exd5 7. d4 Ne4 8. O-O Bg4 9. Re1 f5 10. Be3 c4 11. Ne2 Bd6 12. c3 O-O 13. Qc1 Qd7 14. Nh4 Bh5 15. f3 Nf6 16. Bg5 Rae8 17. Bh3 Ne7 18. Qc2 h6 19. Bxf6 Rxf6 20. f4 g5 21. fxg5 hxg5 22. Ng2 Ng6 23. Qd2 Rxe2 24. Qxg5 Be7 25. Qxh5 Rxb2 26. Re2 Rxe2 27. Qxe2 Qd6 28. Re1 Rf7 29. Qe6 Qxe6 30. Rxe6 Kg7 31. Nf4 Nxf4 32. gxf4 Bd8 33. Rd6 Ba5 34. Rxd5 Bxc3 35. Bxf5 Bd2 36. Kg2 c3 37. Bc2 Bxf4 38. Rf5 1/2-1/2